| 000 | 00725cab a2200217 4500 | ||
|---|---|---|---|
| 001 | WB2828-85 | ||
| 008 | 090401t1992 xxu||||| |||| 00| 0 eng d | ||
| 035 | _a(Sirsi) u60122 | ||
| 041 | _aeng | ||
| 245 | _aInner-city bodies may be curbed | ||
| 260 | _c1992 | ||
| 350 | _a0 | ||
| 490 |
_aGuardian _v13 July 1992, 4 |
||
| 490 |
_aIndependent _v13 July 1992, 2(2) |
||
| 520 | _aUrban development corporations have been critised by the National Audit Office for losing more than £67m on property deals, the very activity on which most of their efforts have been concentrated. | ||
| 650 | _aPROPERTY DEALS | ||
| 650 | _aURBAN DEVELOPMENT CORPORATIONS | ||
| 690 | _aURBAN RENEWAL | ||
| 942 | _n0 | ||
| 948 | _c04/03/1997 | ||
| 999 |
_c37032 _d37032 |
||